00325nam a2200133Ia 4500008004100000100004100041245003800082250001200120260001500132300000800147650001400155942000700169999001500176190216s9999||||xx |||||||||||||| ||und|| aDavid P Shoemaker And Carl W Garland 0aExperiments In Physical Chemistry a2nd Ed. bNullc1967 a490 aChemistry cBK c2360d2360